The life and works of Amir Khusrau (Record no. 70634)
[ view plain ]
| 000 -LEADER | |
|---|---|
| fixed length control field | 00440nam a22001577a 4500 |
| 003 - CONTROL NUMBER IDENTIFIER | |
| control field | NUST - PNEC |
| 005 - DATE AND TIME OF LATEST TRANSACTION | |
| control field | 20170116181144.0 |
| 008 - FIXED-LENGTH DATA ELEMENTS--GENERAL INFORMATION | |
| fixed length control field | 151008b xxu||||| |||| 00| 0 eng d |
| 040 ## - CATALOGING SOURCE | |
| Transcribing agency | LIBRARY |
| 082 ## - DEWEY DECIMAL CLASSIFICATION NUMBER | |
| Classification number | 891.5511 MIR |
| 100 ## - MAIN ENTRY--PERSONAL NAME | |
| 9 (RLIN) | 14889 |
| Personal name | Mirza, Wahid |
| 245 ## - TITLE STATEMENT | |
| Title | The life and works of Amir Khusrau |
| Statement of responsibility, etc. | Mirza, Wahid |
| 260 ## - PUBLICATION, DISTRIBUTION, ETC. | |
| Date of publication, distribution, etc. | 1975 |
| 650 ## - SUBJECT ADDED ENTRY--TOPICAL TERM | |
| 9 (RLIN) | 14404 |
| Topical term or geographic name entry element | Amīr Khusraw Dihlavī, approximately 1253-1325 |
| General subdivision | General |
| 942 ## - ADDED ENTRY ELEMENTS (KOHA) | |
| Source of classification or shelving scheme | |
| Koha item type | Book |
| Withdrawn status | Lost status | Source of classification or shelving scheme | Damaged status | Not for loan | Permanent Location | Current Location | Shelving location | Date acquired | Total Checkouts | Full call number | Barcode | Date last seen | Price effective from | Koha item type |
|---|---|---|---|---|---|---|---|---|---|---|---|---|---|---|
| Pakistan Navy Engineering College (PNEC) | Pakistan Navy Engineering College (PNEC) | 891.5511 MIR | PNECLIB-006416 | 10/08/2015 | Book |
